[Regionálna politika Európskej únie]

Z obsahu: Regionálne rozdiely v Európskej únii po rozšírení výrazne vzrástli. Návrhy z dielne Európskej komisie viac vyhovujú "starej" pätnástke - vyššie zdroje pre regióny starých členských krajín. Rozdiely medzi regiónmi sú v únii priepastné.

Guardado en:
Detalles Bibliográficos
Autor principal: Schönwiesner, Roman
Formato: Capítulo de libro
Lenguaje:eslovaco
Materias:
Etiquetas: Agregar Etiqueta
Sin Etiquetas, Sea el primero en etiquetar este registro!

MARC

LEADER 00000naa$a2200000$$$4500
001 0011866
005 20231009075020.0
041 0 |a slo 
044 |a SK 
245 1 0 |a [Regionálna politika Európskej únie]  |c aut. Roman Schönwiesner 
520 |a Z obsahu: Regionálne rozdiely v Európskej únii po rozšírení výrazne vzrástli. Návrhy z dielne Európskej komisie viac vyhovujú "starej" pätnástke - vyššie zdroje pre regióny starých členských krajín. Rozdiely medzi regiónmi sú v únii priepastné. 
610 2 0 |a politika regionálna 
610 2 0 |a regióny 
610 2 0 |a podpory 
610 2 0 |a pomoc finančná 
610 2 0 |a Európska únia 
100 1 |a Schönwiesner, Roman